| 000 | 00668nam a2200217 u 4500 | ||
|---|---|---|---|
| 005 | 20240229063551.0 | ||
| 008 | 130410s2001 ag r 000 0 spa d | ||
| 020 | _a9500825694 | ||
| 035 | _aUPN01000190493 | ||
| 049 | _aI | ||
| 050 | 4 |
_aPZ76.3 _bS3.8 |
|
| 100 | 1 |
_aSchujer, Silvia Graciela, _d1956- _932371 |
|
| 245 | 1 | 3 |
_aLa vaca de esta historia / _cSilvia Schujer ; il. Poly Bernatene. |
| 260 |
_aBuenos Aires : _bAtlántida, _c2001. |
||
| 300 |
_a[26] p. : _bprincipalmente il. col. |
||
| 440 | 0 | _aAtlántida mini | |
| 650 | 4 |
_aVACAS - _vCUENTOS Y LEYENDAS _99585 |
|
| 650 | 4 |
_aLiteratura infantil argentina _97511 |
|
| 905 | _aInfantil | ||
| 999 |
_c162596 _d162596 |
||